Renamed Countries Quiz - Statistics

General Stats
  • This quiz has been taken 95 times
    63 since last reset
  • The average score is 38 of 56
Answer Stats
Old Name Year of change New Name % Correct
East Pakistan 1971 Bangladesh
96%
New South Wales 1824 Australia
89%
Byelorussia 1991 Belarus
89%
Bosnia 1853 Bosnia and Herzegovina
87%
Persia 1935 Iran
87%
Irish Free State 1937 Ireland
87%
Moldavian SSR 1991 Moldova
87%
Burma 1989 Myanmar
87%
Territory of Papua and New Guinea 1975 Papua New Guinea
87%
Siam 1949 Thailand
87%
British Honduras 1973 Belize
85%
Central African Empire 1979 Central African Republic
85%
Zaire 1997 Democratic Republic of the Congo
85%
Kingdom of Holland 1830 The Netherlands
85%
Swaziland 2018 eSwatini
83%
Emirate of Transjordan 1946 Jordan
81%
Southwest Africa 1990 Namibia
81%
Middle Congo 1910 Republic of Congo
81%
Ceylon 1972 Sri Lanka
81%
French Togoland 1960 Togo
81%
United Kingdom of the Netherlands 1830 Belgium
79%
Dutch East Indies 1949 Indonesia
79%
British Mandate of Palestine 1948 Israel
79%
Western Samoa 1997 Samoa
79%
Gold Coast 1957 Ghana
77%
East Timor 2002 Timor-Leste
77%
Northern Rhodesia 1964 Zambia
77%
Portuguese Guinea 1979 Guinea-Bissau
74%
British Guiana 1966 Guyana
74%
New Spain 1821 Mexico
74%
Southern Rhodesia 1980 Zimbabwe
74%
British Mandate of Mesopotamia 1932 Iraq
72%
Kampuchea 1991 Cambodia
70%
Spanish Guinea 1968 Equatorial Guinea
70%
Spanish East Indies 1898 Philippines
70%
Dutch Guiana 1975 Suriname
70%
Upper Peru 1825 Bolivia
68%
Cape Verde 2013 Cabo Verde
68%
Abyssinia 1941 Ethiopia
60%
Upper Volta 1984 Burkina Faso
57%
Gilbert Islands 1979 Kiribati
55%
Formosa 1895 Taiwan
55%
French Sudan 1960 Mali
53%
Dahomey 1975 Benin
47%
Bechuanaland 1966 Botswana
45%
Judea 135 Syria Palaestina
45%
Spanish Sahara 1975 Western Sahara
45%
Nyasaland 1964 Malawi
38%
Terra de Santa Cruz 1530 Brasil
36%
New Granada 1863 Colombia
36%
Basutoland 1966 Lesotho
36%
New Hebrides 1980 Vanuatu
36%
Ellice Islands 1978 Tuvalu
32%
Territory of the Afars and the Issas 1977 Djibouti
23%
New Connecticut 1777 Republic of Vermont
17%
Temasik 1819 Singapore
13%
No matching quizzes found
Score Distribution
Percent of People with Each Score
Percentile by Number Answered
Your Score History
You have not taken this quiz since the last reset